The East India Company's land policy and commerce in Bengal, 1698-1784/ (Record no. 17510)

MARC details
000 -LEADER
fixed length control field 01099cam a22003011 4500
001 - CONTROL NUMBER
control field 9865008
003 - CONTROL NUMBER IDENTIFIER
control field BDDh-ASL
005 - DATE AND TIME OF LATEST TRANSACTION
control field 20231015025544.0
008 - FIXED-LENGTH DATA ELEMENTS--GENERAL INFORMATION
fixed length control field 161208s1964 pk b b 001 0 eng |
010 ## - LIBRARY OF CONGRESS CONTROL NUMBER
LC control number sa 65006543
025 ## - OVERSEAS ACQUISITION NUMBER
Overseas acquisition number PL480: EP-E-267
035 ## - SYSTEM CONTROL NUMBER
System control number (OCoLC)7676135
040 ## - CATALOGING SOURCE
Original cataloging agency DLC
Transcribing agency NIC
Modifying agency BDDh-ASL
042 ## - AUTHENTICATION CODE
Authentication code premarc
050 00 - LIBRARY OF CONGRESS CALL NUMBER
Classification number HF486.E6
Item number H8
082 ## - DEWEY DECIMAL CLASSIFICATION NUMBER
Classification number 954.03
Item number HUE
100 1# - MAIN ENTRY--PERSONAL NAME
Personal name Huq, Mazharul.
9 (RLIN) 81
245 14 - TITLE STATEMENT
Title The East India Company's land policy and commerce in Bengal, 1698-1784/
260 ## - PUBLICATION, DISTRIBUTION, ETC.
Place of publication, distribution, etc. Dacca:
Name of publisher, distributor, etc. Asiatic Society of Pakistan,
Date of publication, distribution, etc. 1964.
300 ## - PHYSICAL DESCRIPTION
Extent xvii, 295 p.:
Other physical details fold. map;
Dimensions 25 cm.
440 ## - SERIES STATEMENT/ADDED ENTRY--TITLE
Title Asiatic Society of Pakistan publication;
9 (RLIN) 216
Volume/sequential designation no. 17
500 ## - GENERAL NOTE
General note Includes index. "Submitted to the London School of Economics as a doctoral thesis ... under the title: East India Company's land policy and management."
504 ## - BIBLIOGRAPHY, ETC. NOTE
Bibliography, etc. note Bibliography: p. [277]-282.
610 20 - SUBJECT ADDED ENTRY--CORPORATE NAME
Corporate name or jurisdiction name as entry element East India Company.
9 (RLIN) 82
810 2# - SERIES ADDED ENTRY--CORPORATE NAME
Corporate name or jurisdiction name as entry element Asiatic Society of Pakistan.
Title of a work Publications ;
Volume/sequential designation no. 14.
9 (RLIN) 83
906 ## - LOCAL DATA ELEMENT F, LDF (RLIN)
a 7
b cbc
c oclcrpl
d u
e ncip
f 19
g y-gencatlg
942 ## - ADDED ENTRY ELEMENTS (KOHA)
Source of classification or shelving scheme Dewey Decimal Classification
Koha item type Books
Holdings
Withdrawn status Lost status Source of classification or shelving scheme Damaged status Not for loan Collection code Home library Current library Shelving location Date acquired Source of acquisition Serial Enumeration / chronology Total Checkouts Full call number Barcode Date last seen Copy number Price effective from Koha item type Public note
    Dewey Decimal Classification   Not For Loan Non-fiction Asiatic Society Library Asiatic Society Library General Stacks 12/08/2016 ASB Publications ASP-017   954.03 HUE 100086 12/08/2016 C-1 12/08/2016 Books RARE
    Dewey Decimal Classification   Not For Loan Non-fiction Asiatic Society Library Asiatic Society Library General Stacks 12/08/2016 ASB Publications ASP-017   954.03 HUE 100087 12/08/2016 C-2 12/08/2016 Books RARE
    Dewey Decimal Classification   Not For Loan Non-fiction Asiatic Society Library Asiatic Society Library General Stacks 12/08/2016 ASB Publications ASP-017   954.03 HUE 100088 12/08/2016 C-3 12/08/2016 Books RARE
    Dewey Decimal Classification   Not For Loan Non-fiction Asiatic Society Library Asiatic Society Library General Stacks 12/08/2016 ASB Publications ASP-017   954.03 HUE 100089 12/08/2016 C-4 12/08/2016 Books RARE
    Dewey Decimal Classification   Not For Loan Non-fiction Asiatic Society Library Asiatic Society Library General Stacks 12/08/2016 ASB Publications ASP-017   954.03 HUE 100090 12/08/2016 C-5 12/08/2016 Books RARE
    Dewey Decimal Classification   Not For Loan Non-fiction Asiatic Society Library Asiatic Society Library Harrison Collection 09/19/2020 Donated by Prof. John B. Harrison ASP-017   954.03 HUE 101254 09/19/2020 C-6 09/19/2020 Books RARE
    Dewey Decimal Classification   Not For Loan Non-fiction Asiatic Society Library Asiatic Society Library General Stacks 02/14/2021 ASB Publications ASP-017   954.03 HUE 105709 02/14/2021 C-7 02/14/2021 Books RARE
    Dewey Decimal Classification   Not For Loan Non-fiction Asiatic Society Library Asiatic Society Library General Stacks 02/14/2021 ASB Publications ASP-017   954.03 HUE 105710 02/14/2021 C-8 02/14/2021 Books RARE
    Dewey Decimal Classification   Not For Loan Non-fiction Asiatic Society Library Asiatic Society Library General Stacks 02/14/2021 ASB Publications ASP-017   954.03 HUE 105711 02/14/2021 C-9 02/14/2021 Books RARE
    Dewey Decimal Classification   Not For Loan Non-fiction Asiatic Society Library Asiatic Society Library General Stacks 02/14/2021 Prof. Azizul Haq and Prof. Husniara Huq Collections ASP-017   954.03 HUE 105712 02/14/2021 C-10 02/14/2021 Books RARE
    Dewey Decimal Classification     Non-fiction Asiatic Society Library Asiatic Society Library Harrison Collection 04/20/2022 Donated by Prof. John B. Harrison ASP-017   954.03 HUE 116502 04/20/2022 C-11 04/20/2022 Books RARE

Powered by Koha